00769nam a22002057a 4500999001700000003000900017008004100026040007100067082002000138100001900158245006900177260003900246300002600285505008200311650002800393650002000421942001600441945000800457952009800465  c10655d10655AR-CdUCM190401b           ||||| |||| 00| 0 spa d  aMUNICIPALIDAD PROVINCIAL DEL CUSCOcBIBLIOTECA MUNICIPAL DEL CUSCO  aES / 800 /bV24  aVallejo, Cesar  aEl tungsteno :bPaco Yunque, mas allá de la vida y la muerte /  aLima :bFondo editorial navarrete,  a159 paginas ;c15 cm.  aContenido :El tungsteno -- Paco Yunque -- Mas allá de la vida y la muerte..  aLiteratura peruana9169  aHistorias92725  2ddccLIBROS  arum  002ddc4070aSIbSIcCHILDd2019-04-01g5.00oES / 800 / V24pSI00000583r2019-04-01yLIBROS